[Event "Alassio West End op 2nd"]
[Site "Alassio"]
[Date "2016.10.01"]
[Round "2"]
[White "Joguet, Patrick"]
[Black "Pineau, Jean"]
[Result "1-0"]
[WhiteElo "1647"]
[BlackElo "1440"]
[PlyCount "137"]
[EventDate "2016.09.30"]
[EventType "swiss"]
[EventRounds "5"]
[EventCountry "ITA"]
[SourceTitle "EXT 2018"]
[Source "ChessBase"]
[SourceDate "2017.10.13"]
[SourceVersion "1"]
[SourceVersionDate "2017.10.13"]
[SourceQuality "1"]

1. d4 f5 2. g3 Nf6 3. Bg2 g6 4. Nh3 Bg7 5. 0-0 0-0 6. Nd2 c6 7. Nf4 d5 8. c4 Re8 9. cxd5 cxd5 10. Qb3 e6 11. Nf3 Nc6 12. Nd3 Qc7 13. Bf4 Qb6 14. Qxb6 axb6 15. Nde5 Ne4 16. Rfc1 g5 17. Nxc6 bxc6 18. Be5 g4 19. Ne1 Bd7 20. Nd3 Bxe5 21. Nxe5 Ra7 22. Nxc6 Bxc6 23. Rxc6 Ra4 24. e3 Nd2 25. Rxb6 Nf3+ 26. Bxf3 gxf3 27. b3 Raa8 28. Rc6 Kf7 29. Kf1 Ra7 30. Rc2 Rb8 31. Rb2 Rc7 32. Ke1 Kf6 33. Kd2 e5 34. Rc2 Rxc2+ 35. Kxc2 exd4 36. exd4 Re8 37. Rd1 Re2+ 38. Rd2 Re1 39. b4 Kg5 40. b5 f4 41. b6 Re6 42. Rd3 Rxb6 43. Rxf3 fxg3 44. hxg3 Rc6+ 45. Rc3 Re6 46. Re3 Rc6+ 47. Kd2 Rd6 48. a3 Rb6 49. Re5+ Kg4 50. Rxd5 Rb2+ 51. Ke1 Kf3 52. Rf5+ Kg2 53. a4 Rb4 54. Ke2 Rxd4 55. a5 Ra4 56. Kd3 Ra3+ 57. Kc4 Ra1 58. Kb5 Rb1+ 59. Kc6 Ra1 60. Kb7 Rb1+ 61. Ka7 Kf1 62. a6 Ke2 63. Rf6 Kd3 64. Rb6 Ra1 65. Kb7 Kc4 66. a7 Kc5 67. Rb2 Kd6 68. a8Q Rxa8 69. Kxa8 1-0

[Event "Ventimiglia Weekend 8th"]
[Site "Ventimiglia"]
[Date "2012.11.30"]
[Round "1"]
[White "Pineau, Jean"]
[Black "Moschetto, Giuliano"]
[Result "0-1"]
[WhiteElo "1435"]
[BlackElo "1731"]
[PlyCount "42"]
[EventDate "2012.11.30"]
[EventType "swiss"]
[EventRounds "5"]
[EventCountry "ITA"]
[SourceTitle "EXT 2024"]
[Source "ChessBase"]
[SourceDate "2023.10.10"]
[SourceVersion "1"]
[SourceVersionDate "2023.10.10"]
[SourceQuality "1"]

1. e4 e5 2. Nf3 Nc6 3. Bb5 Nd4 4. Nxd4 exd4 5. 0-0 a6 6. Ba4 Bc5 7. d3 Ne7 8. Qg4 0-0 9. Bb3 d5 10. Qg3 dxe4 11. dxe4 a5 12. a4 Bd7 13. Bg5 Qe8 14. Nd2 c6 15. Nc4 Be6 16. Ba2 Ng6 17. Nd6 Qd7 18. Nc4 b5 19. Ne5 Nxe5 20. Qxe5 Bd6 21. Qxd4 Bxh2+ 0-1

[Event "Creon op 13th"]
[Site "Creon"]
[Date "2008.07.31"]
[Round "5"]
[White "Maruejols, Claude"]
[Black "Pineau, Jean"]
[Result "1-0"]
[WhiteElo "2044"]
[BlackElo "1477"]
[PlyCount "51"]
[EventDate "2008.07.28"]
[EventType "swiss"]
[EventRounds "9"]
[EventCountry "FRA"]
[SourceTitle "CBM 125 Extra"]
[Source "ChessBase"]
[SourceDate "2008.09.01"]
[SourceVersion "1"]
[SourceVersionDate "2008.09.01"]
[SourceQuality "1"]

1. d4 f5 2. g3 Nf6 3. Bg2 e6 4. Nf3 Be7 5. 0-0 d6 6. c4 0-0 7. Nc3 Nbd7 8. Qc2 c6 9. Rd1 Qe8 10. b4 d5 11. c5 Rb8 12. Bf4 Ra8 13. e3 Nh5 14. Ne2 b6 15. Nc1 bxc5 16. bxc5 Rb8 17. Bxb8 Nxb8 18. Nd3 Nd7 19. Qa4 Ndf6 20. Qxa7 Ne4 21. Rdb1 Nhf6 22. Rb8 g5 23. Rab1 Rf7 24. Nfe5 Rg7 25. Rxc8 Bd8 26. Qa8 1-0